<?xml version="1.0" encoding="UTF-8"?>
<record
    xmlns:xsi="http://www.w3.org/2001/XMLSchema-instance"
    xsi:schemaLocation="http://www.loc.gov/MARC21/slim http://www.loc.gov/standards/marcxml/schema/MARC21slim.xsd"
    xmlns="http://www.loc.gov/MARC21/slim">

  <leader>02094nam a22002177a 4500</leader>
  <controlfield tag="003">OSt</controlfield>
  <controlfield tag="005">20260406091557.0</controlfield>
  <controlfield tag="008">260406b        |||||||| |||| 00| 0 esp d</controlfield>
  <datafield tag="082" ind1=" " ind2=" ">
    <subfield code="2">9586771199</subfield>
  </datafield>
  <datafield tag="100" ind1=" " ind2=" ">
    <subfield code="a">Zamora Editores</subfield>
  </datafield>
  <datafield tag="245" ind1=" " ind2=" ">
    <subfield code="a">Biblioteca Pr&#xE1;ctica de Consulta del Nuevo Milenio: Matem&#xE1;ticas y Geometr&#xED;a</subfield>
  </datafield>
  <datafield tag="250" ind1=" " ind2=" ">
    <subfield code="a">volumen 5</subfield>
  </datafield>
  <datafield tag="260" ind1=" " ind2=" ">
    <subfield code="a"> Bogot&#xE1;, Colombia</subfield>
    <subfield code="b">Zamora Editores Ltda..</subfield>
    <subfield code="c">2000-2001</subfield>
  </datafield>
  <datafield tag="300" ind1=" " ind2=" ">
    <subfield code="a"> 21 x 14 cm </subfield>
    <subfield code="c">252 p&#xE1;ginas.</subfield>
  </datafield>
  <datafield tag="490" ind1=" " ind2=" ">
    <subfield code="3">Cartulina r&#xFA;stica de alto gramaje con acabado plastificado brillante</subfield>
  </datafield>
  <datafield tag="520" ind1=" " ind2=" ">
    <subfield code="a">El Volumen 5 de la Biblioteca Pr&#xE1;ctica de Consulta del Nuevo Milenio (ISBN 9586771199) es un manual acad&#xE9;mico enfocado exclusivamente en las ciencias exactas, estructurado en dos grandes bloques:
1. Matem&#xE1;ticas (Aritm&#xE9;tica y &#xC1;lgebra)
Este bloque sirve como gu&#xED;a de resoluci&#xF3;n de problemas y desarrollo del pensamiento l&#xF3;gico:
Aritm&#xE9;tica: Repasa los sistemas num&#xE9;ricos, operaciones fundamentales (suma, resta, multiplicaci&#xF3;n, divisi&#xF3;n) y proporcionalidad (razones y proporciones).
&#xC1;lgebra: Introduce el lenguaje simb&#xF3;lico, resoluci&#xF3;n de ecuaciones de primer y segundo grado, factorizaci&#xF3;n y funciones b&#xE1;sicas.
Enfoque: Se centra en la ejercitaci&#xF3;n, presentando m&#xE9;todos paso a paso para resolver operaciones matem&#xE1;ticas comunes en el nivel secundaria.
2. Geometr&#xED;a (Plana y del Espacio)
Esta secci&#xF3;n se dedica al estudio de las formas y sus medidas:
Geometr&#xED;a Plana: Estudio de puntos, l&#xED;neas, &#xE1;ngulos, pol&#xED;gonos y el c&#xED;rculo. Incluye el c&#xE1;lculo de per&#xED;metros y &#xE1;reas.
Geometr&#xED;a del Espacio: An&#xE1;lisis de cuerpos s&#xF3;lidos como poliedros, prismas, pir&#xE1;mides, conos y esferas, con sus respectivas f&#xF3;rmulas de volumen.
Teoremas: Explicaci&#xF3;n visual y te&#xF3;rica de principios fundamentales como el Teorema de Pit&#xE1;goras.</subfield>
  </datafield>
  <datafield tag="650" ind1=" " ind2=" ">
    <subfield code="a"> Matem&#xE1;ticas. Geometr&#xED;a.</subfield>
    <subfield code="x">Problemas, ejercicios, etc. / Estudio y ense&#xF1;anza (Secundaria).</subfield>
    <subfield code="y">iglo XXI (o finales del Siglo XX</subfield>
  </datafield>
  <datafield tag="651" ind1=" " ind2=" ">
    <subfield code="x">Geometr&#xED;a plana / Geometr&#xED;a del espacio / Problemas, ejercicios, etc.</subfield>
  </datafield>
  <datafield tag="700" ind1=" " ind2=" ">
    <subfield code="a">Zamora Editores</subfield>
  </datafield>
  <datafield tag="942" ind1=" " ind2=" ">
    <subfield code="2">ddc</subfield>
    <subfield code="c">BKA</subfield>
    <subfield code="n">0</subfield>
  </datafield>
  <datafield tag="952" ind1=" " ind2=" ">
    <subfield code="0">0</subfield>
    <subfield code="1">0</subfield>
    <subfield code="2">ddc</subfield>
    <subfield code="4">0</subfield>
    <subfield code="7">0</subfield>
    <subfield code="8">F02</subfield>
    <subfield code="a">ISUS</subfield>
    <subfield code="b">ISUS</subfield>
    <subfield code="c">Biblioteca Abierta</subfield>
    <subfield code="d">2026-04-06</subfield>
    <subfield code="e">LECTURA</subfield>
    <subfield code="f">0465</subfield>
    <subfield code="i">0465</subfield>
    <subfield code="l">0</subfield>
    <subfield code="o">COLECCION</subfield>
    <subfield code="p">BIBLIO0465</subfield>
    <subfield code="r">2026-04-06 09:17:27</subfield>
    <subfield code="t">1</subfield>
    <subfield code="w">2026-04-06</subfield>
    <subfield code="y">BKA</subfield>
  </datafield>
  <datafield tag="999" ind1=" " ind2=" ">
    <subfield code="c">2041</subfield>
    <subfield code="d">2041</subfield>
  </datafield>
</record>
